Driver (Record no. 26347)

MARC details
000 -LEADER
fixed length control field 00250nam a2200109Ia 4500
082 ## - DEWEY DECIMAL CLASSIFICATION NUMBER
Item number DAM
100 ## - MAIN ENTRY--AUTHOR NAME
Personal name Damodara Panicker
245 #0 - TITLE STATEMENT
Title Driver
260 ## - PUBLICATION, DISTRIBUTION, ETC. (IMPRINT)
Place of publication Kottayam
Name of publisher Auto Chambers
Year of publication 1973
942 ## - ADDED ENTRY ELEMENTS (KOHA)
Koha item type Books
Holdings
Withdrawn status Lost status Damaged status Not for loan Home library Current library Date acquired Full call number Accession Number Koha item type
      Write off RRII Library RRII Library 16/12/2021 DAM 06984 Books